Humanitas

Detalles Bibliográficos
Autor Corporativo: National Humanities Institute
Formato: Desconocido
Lenguaje:inglés
Publicado: Washington, D.C. : National Humanities Institute,
Materias:
Acceso en línea:Acceso restringido

MARC

LEADER 00000ny a22000003n 4500
005 20110511124125.0
008 921127c19879999us fr p 0 a0eng d
022 0 |a 1066-7210 
035 |a 2960 
040 |a UCA  |d vLex 
090 |c 1658  |d 1658 
245 3 0 |a Humanitas  |h [Recurso electrn̤ico] 
256 |a Servicio en ln̕ea 
260 |a Washington, D.C. :  |b National Humanities Institute, 
310 |a Semestral 
506 1 |a Contenido solo disponible en los productos indicados  |d vLex Global  |d vLex Global (Academic Edition, excluding Law Schools)  |d vLex Global (Academic Edition, Law Schools) 
650 0 4 |a Sociedades doctas e institutos  |x Publicaciones perid̤icas 
710 2 |a National Humanities Institute. 
740 0 |a vLex Revista (Servicios en ln̕ea) 
843 |a Electrn̤ica. Cerrada 
853 |8 1  |i (year)  |j (month)  |k (day) 
856 4 0 |z Acceso restringido  |u http://vlex.com/account/login_ip?fuente_id=2960  
942 |c REV 
999 0 0 |a Learned institutions and societies  |z Washington (D.C.)  |v Periodicals. 
999 0 0 |a National Humanities Institute  |v Periodicals.